[Event "FRA-ch U16 Girls"]
[Site "Hyeres"]
[Date "2002.??.??"]
[Round "7.3"]
[White "Desanlis, Anne Sophie"]
[Black "Bodenez, Claire"]
[Result "1/2-1/2"]
[WhiteElo "1840"]
[BlackElo "1770"]
[PlyCount "73"]
[EventDate "2002.04.05"]
[EventType "swiss"]
[EventRounds "9"]
[EventCountry "FRA"]
[SourceTitle "EXT 2003"]
[Source "ChessBase"]
[SourceDate "2002.11.25"]
[SourceVersion "1"]
[SourceVersionDate "2002.11.25"]
[SourceQuality "1"]

1. c4 c5 2. g3 Nc6 3. Bg2 g6 4. Nc3 Bg7 5. a3 e5 6. e3 Nge7 7. Nge2 d6 8. d3 a5 9. 0-0 Be6 10. h3 d5 11. cxd5 Nxd5 12. Rb1 0-0 13. Kh2 f5 14. e4 Nde7 15. f4 Qc7 16. fxe5 Nxe5 17. Nf4 Bf7 18. exf5 Nxf5 19. Nfd5 Bxd5 20. Bxd5+ Kh8 21. Bf4 h6 22. Be4 Qd7 23. Qa4 Rfd8 24. Qxd7 Nxd7 25. Bxb7 Ra7 26. Be4 Nf8 27. Nb5 Rf7 28. Bc7 Re8 29. Bxa5 Rd7 30. Bc6 Re2+ 31. Kg1 Rxd3 32. Rf3 Rxf3 33. Bxf3 Rxb2 34. Rxb2 Bxb2 35. g4 Ne3 36. Bc3+ Bxc3 37. Nxc3 1/2-1/2

[Event "FRA-ch U16 Girls"]
[Site "Hyeres"]
[Date "2002.??.??"]
[Round "5.5"]
[White "Goletto, Laureen"]
[Black "Desanlis, Anne Sophie"]
[Result "1/2-1/2"]
[WhiteElo "1760"]
[BlackElo "1840"]
[PlyCount "62"]
[EventDate "2002.04.05"]
[EventType "swiss"]
[EventRounds "9"]
[EventCountry "FRA"]
[SourceTitle "EXT 2003"]
[Source "ChessBase"]
[SourceDate "2002.11.25"]
[SourceVersion "1"]
[SourceVersionDate "2002.11.25"]
[SourceQuality "1"]

1. e4 e5 2. Nf3 Nc6 3. Nc3 Nf6 4. Bb5 Nd4 5. Nxd4 exd4 6. e5 dxc3 7. exf6 Qxf6 8. dxc3 Bc5 9. Qe2+ Be7 10. 0-0 0-0 11. Qg4 d5 12. Qf4 c5 13. Qxf6 Bxf6 14. Bf4 a6 15. Be2 Be6 16. Bf3 Rad8 17. Rad1 b5 18. a3 g5 19. Bc7 Rd7 20. Bb6 Rc8 21. Rd2 g4 22. Be2 Rc6 23. Ba5 Bg5 24. Rdd1 d4 25. cxd4 Rxd4 26. Bc3 Rxd1 27. Rxd1 b4 28. axb4 cxb4 29. Bxb4 Rxc2 30. Bxa6 Rxb2 31. Bc3 Ra2 1/2-1/2

[Event "FRA-chT4 0001"]
[Site "Champagne Ardenne"]
[Date "2000.10.15"]
[Round "1"]
[White "Desanlis, Anne Sophie"]
[Black "Noizet, Donatien"]
[Result "0-1"]
[WhiteElo "1600"]
[BlackElo "1750"]
[PlyCount "104"]
[EventDate "2001.10.??"]
[EventType "team"]
[EventRounds "7"]
[EventCountry "FRA"]
[SourceTitle "EXT 2005"]
[Source "ChessBase"]
[SourceDate "2004.11.15"]
[SourceVersion "1"]
[SourceVersionDate "2004.11.15"]
[SourceQuality "1"]

1. c4 e5 2. g3 Nf6 3. Nc3 c6 4. e3 d5 5. d4 e4 6. h3 Be6 7. Bg2 Bb4 8. Nge2 dxc4 9. Bd2 Bxc3 10. Nxc3 Bd5 11. Nxd5 cxd5 12. Qa4+ Nc6 13. Bb4 a6 14. Bc5 b5 15. Qc2 Nd7 16. Qc3 Nxc5 17. dxc5 Qa5 18. Qxa5 Nxa5 19. Rd1 0-0-0 20. Rc1 Kb7 21. Rc3 b4 22. Rc1 Rc8 23. 0-0 Rxc5 24. Rfd1 Kb6 25. f3 exf3 26. Bxf3 Re8 27. Bxd5 Rxe3 28. Kf2 Rd3 29. Be4 Rxd1 30. Rxd1 f5 31. Bd5 c3 32. bxc3 bxc3 33. Rb1+ Rb5 34. Rxb5+ axb5 35. Ke2 Kc5 36. Be6 g6 37. Kd3 b4 38. Bg8 h6 39. Bh7 Nc6 40. Kc2 g5 41. Kc1 f4 42. gxf4 gxf4 43. Be4 Nd4 44. Bd3 f3 45. Kb1 f2 46. Kc1 Kb6 47. h4 Ka5 48. h5 Ka4 49. Bc2+ Nxc2 50. Kxc2 f1Q 51. a3 Qe2+ 52. Kc1 Qd2+ 0-1